Quince de setiembre, pasado y presente /
Análisis en perspectiva histórica del significado de la independencia en Costa Rica, desde 1821 hasta 1989. El punto de partida y a la vez hilo conductor es la premisa de que la ruptura con la antigua metrópolis española significó el nacimiento del Estado costarricense, la consolidación de la sobera...
Gespeichert in:
| 1. Verfasser: | |
|---|---|
| Format: | Text |
| Schlagworte: | |
| Tags: |
Tag hinzufügen
Keine Tags, Fügen Sie den ersten Tag hinzu!
|
MARC
| LEADER | 00000 a a2200000 04500 | ||
|---|---|---|---|
| 001 | 14809 | ||
| 003 | |||
| 040 | |||
| 100 | |a Quesada Camacho, Juan Rafael | ||
| 245 | |a Quince de setiembre, pasado y presente / |c Juan Rafael Quesada Camacho | ||
| 520 | |a Análisis en perspectiva histórica del significado de la independencia en Costa Rica, desde 1821 hasta 1989. El punto de partida y a la vez hilo conductor es la premisa de que la ruptura con la antigua metrópolis española significó el nacimiento del Estado costarricense, la consolidación de la soberanía, tanto interna como externa y la lucha por la afirmación territorial. Se analizan las coyunturas más significativas por las que atraviesa el estado costarricense: pérdida gradual de soberanía ante el capital monopolista y los organismos financieros internacionales. El artículo termina con la reflexión de que así como a la generación de 1821 le tocó la tarea de la construcción del Estado Nacional, las generaciones presentes tienen la tarea de luchar porque Costa Rica siga siendo un Estado y no se convierta en un protectorado. AR/JM | ||
| 650 | |a ANALISIS HISTORICO | ||
| 650 | |a INDEPENDENCIA | ||
| 650 | |a AUTODETERMINACION | ||
| 650 | |a PUB.IIS | ||
| 773 | |g número 42; páginas 59-68 | ||
| 999 | |c 32515 |d 32515 | ||
| 773 | 0 | |0 18728 |9 3098 |a Universidad de Costa Rica. |d San José, Costa Rica Editorial UCR 1959- |o 16857 |t Revista de Ciencias Sociales/ |x 04825276 | |
